| 000 | 00531nam a22001932 4500 | ||
|---|---|---|---|
| 001 | 0000001225 | ||
| 005 | 20170406113251.0 | ||
| 008 | 131212s xx 000 0 eng d | ||
| 020 | _c$ | ||
| 040 |
_aYour Holding Symbol _cYour Holding Symbol |
||
| 100 | 1 | _aBradley Omar.N. | |
| 245 | 1 | 2 | _aA soldier's story of the allied campaings from tunis to the elbe. |
| 250 | _a ed. | ||
| 260 |
_alondon : _bEyre, _c1951. |
||
| 300 |
_a618 p. : _bill ; _c cm. |
||
| 504 | _aindex. | ||
| 650 | 0 | _aHistory. | |
| 908 | _a131212 | ||
| 999 |
_c1142 _d1142 |
||